[Event "Space Coast op 30th"]
[Site "Melbourne"]
[Date "2025.05.02"]
[Round "1"]
[White "Xu, Zhihan"]
[Black "Cruz Mendez, Jean Marcos"]
[Result "0-1"]
[WhiteElo "1951"]
[BlackElo "2228"]
[PlyCount "86"]
[EventDate "2025.05.02"]
[EventType "swiss"]
[EventRounds "5"]
[EventCountry "USA"]
[SourceTitle "CB19_2025"]
[SourceDate "2025.05.07"]
[SourceVersion "1"]
[SourceVersionDate "2025.05.07"]
[SourceQuality "1"]

1. e4 c5 2. Nf3 d6 3. d4 cxd4 4. Nxd4 Nf6 5. Nc3 e6 6. Bg5 h6 7. Bh4 Nc6 8. f4 Be7 9. Be2 0-0 10. Bf2 Bd7 11. 0-0 e5 12. Ndb5 exf4 13. Nxd6 Qb8 14. Ndb5 Qe5 15. Bf3 a6 16. Nd4 Bc5 17. Nxc6 Bxc6 18. Qe2 Rfe8 19. Kh1 Rad8 20. Bxc5 Qxc5 21. Rad1 Rxd1 22. Rxd1 Qb4 23. Qd2 Qxb2 24. Rb1 Qa3 25. Qd4 Qa5 26. Nd5 Bxd5 27. exd5 Qxa2 28. Rc1 Qa3 29. Rd1 Qd6 30. c4 Nd7 31. Be4 Nc5 32. Bb1 Re2 33. Bd3 Re3 34. Bc2 b6 35. h3 a5 36. Rf1 g5 37. Rd1 a4 38. Ra1 a3 39. Qd2 Qe5 40. Rg1 a2 41. Qc1 f3 42. Qf1 fxg2+ 43. Qxg2 a1Q 0-1

[Event "Wch U08"]
[Site "Montesilvano"]
[Date "2024.11.25"]
[Round "10"]
[White "Huzela, Lukyan"]
[Black "Xu, Zhihan"]
[Result "0-1"]
[WhiteElo "1651"]
[BlackElo "1881"]
[PlyCount "76"]
[EventDate "2024.11.15"]
[EventType "swiss"]
[EventRounds "11"]
[EventCountry "ITA"]
[SourceTitle "CB48_2024"]
[SourceDate "2024.11.28"]
[SourceVersion "1"]
[SourceVersionDate "2024.11.28"]
[SourceQuality "1"]

1. e4 e5 2. d4 exd4 3. Nf3 Nc6 4. Bc4 Nf6 5. 0-0 Nxe4 6. Re1 d5 7. Bxd5 Qxd5 8. Nc3 Qd7 9. Nxe4 Be7 10. Bg5 0-0 11. Bxe7 Qxe7 12. Nxd4 Bd7 13. Nc3 Qb4 14. Ndb5 Rad8 15. a3 Qa5 16. Nd4 Qb6 17. Nxc6 Bxc6 18. Qc1 Rd6 19. b4 Rg6 20. g3 Qd4 21. Re3 Qh4 22. b5 Qxh2+ 23. Kf1 Rf6 24. Qe1 Bf3 25. Rxf3 Qh1+ 26. Ke2 Qxf3+ 27. Kf1 Qh1+ 28. Ke2 Re8+ 29. Kd2 Rxe1 30. Rxe1 Rd6+ 31. Kc1 Qxe1+ 32. Kb2 Qxf2 33. Ne4 Qd4+ 34. Nc3 Rd5 35. a4 Qb4+ 36. Ka2 Qxc3 37. Kb1 Rd1+ 38. Ka2 Ra1# 0-1

[Event "Wch U08"]
[Site "Montesilvano"]
[Date "2024.11.19"]
[Round "5"]
[White "Xu, Zhihan"]
[Black "Mudriievskyi, Jan"]
[Result "1-0"]
[WhiteElo "1881"]
[BlackElo "1682"]
[PlyCount "95"]
[EventDate "2024.11.15"]
[EventType "swiss"]
[EventRounds "11"]
[EventCountry "ITA"]
[SourceTitle "CB48_2024"]
[SourceDate "2024.11.28"]
[SourceVersion "1"]
[SourceVersionDate "2024.11.28"]
[SourceQuality "1"]

1. e4 c5 2. Nf3 d6 3. d4 cxd4 4. Nxd4 Nf6 5. Nc3 g6 6. Be3 Bg7 7. f3 0-0 8. Qd2 Nc6 9. Bc4 Bd7 10. 0-0-0 Rc8 11. Bb3 Nxd4 12. Bxd4 b5 13. e5 dxe5 14. Bxe5 Bc6 15. Qg5 Qa5 16. Bd4 Rfd8 17. Rhe1 Rd7 18. Qc5 Qc7 19. Kb1 Kf8 20. Be5 Qb7 21. Rxd7 Bxd7 22. Qd4 a6 23. Nd5 Be6 24. Nxf6 exf6 25. Bxe6 fxe5 26. Qd6+ Kg8 27. Bxc8 Qxc8 28. Rd1 Qb7 29. Qd8+ Bf8 30. Rd7 Qc6 31. Rc7 Qb6 32. a3 Qg1+ 33. Ka2 Qc1 34. Qf6 Qf4 35. Qxf4 exf4 36. Rc6 a5 37. Rb6 b4 38. a4 b3+ 39. Kxb3 Bb4 40. Rxb4 axb4 41. a5 Kg7 42. a6 Kh6 43. a7 Kh5 44. a8Q f5 45. Qf8 h6 46. Qf6 g5 47. Qxf5 Kh4 48. Qg4# 1-0

[Event "Wch U08"]
[Site "Montesilvano"]
[Date "2024.11.16"]
[Round "2"]
[White "Adilbek, Adinur"]
[Black "Xu, Zhihan"]
[Result "1-0"]
[WhiteElo "1651"]
[BlackElo "1881"]
[PlyCount "119"]
[EventDate "2024.11.15"]
[EventType "swiss"]
[EventRounds "11"]
[EventCountry "ITA"]
[SourceTitle "CB48_2024"]
[SourceDate "2024.11.28"]
[SourceVersion "1"]
[SourceVersionDate "2024.11.28"]
[SourceQuality "1"]

1. d4 d5 2. Nf3 Nf6 3. g3 Bf5 4. Bg2 h6 5. 0-0 e6 6. c4 c6 7. Qb3 Qb6 8. c5 Qxb3 9. axb3 Nbd7 10. Nc3 Be7 11. b4 Ne4 12. Nd2 Nxd2 13. Bxd2 Bf6 14. e3 0-0 15. f4 b6 16. Na4 g5 17. Kh1 Kh7 18. Bf3 Rg8 19. Be1 gxf4 20. gxf4 Bh3 21. Rg1 Rxg1+ 22. Kxg1 Rg8+ 23. Bg3 Bf5 24. Bh5 Bg6 25. Bxg6+ fxg6 26. Kf2 Rf8 27. Rc1 b5 28. Nc3 e5 29. fxe5 Bxe5+ 30. Ke2 Bxg3 31. hxg3 Nf6 32. Ra1 Rf7 33. Ra6 Rc7 34. Nxb5 Rf7 35. Rxa7 Kg7 36. Rxf7+ Kxf7 37. Na7 Ne4 38. Kf3 Nd2+ 39. Kg4 Nc4 40. Nxc6 Nxe3+ 41. Kf4 Nc4 42. b5 Ke6 43. b6 g5+ 44. Kg4 Ne3+ 45. Kf3 Nf5 46. b7 g4+ 47. Kf2 h5 48. b8Q h4 49. Qe5+ Kd7 50. Qxf5+ Kxc6 51. Qe6+ Kb5 52. b3 hxg3+ 53. Kxg3 Kb4 54. Kxg4 Kc3 55. c6 Kb4 56. c7 Ka5 57. c8Q Kb4 58. Qc5+ Kxb3 59. Qeb6+ Ka2 60. Qca5# 1-0

[Event "Wch U08"]
[Site "Montesilvano"]
[Date "2024.11.15"]
[Round "1"]
[White "Xu, Zhihan"]
[Black "Wang, Yihan4"]
[Result "0-1"]
[WhiteElo "1881"]
[BlackElo "1547"]
[PlyCount "64"]
[EventDate "2024.11.15"]
[EventType "swiss"]
[EventRounds "11"]
[EventCountry "ITA"]
[SourceTitle "CB48_2024"]
[SourceDate "2024.11.28"]
[SourceVersion "1"]
[SourceVersionDate "2024.11.28"]
[SourceQuality "1"]

1. e4 c5 2. Nf3 e6 3. d4 cxd4 4. Nxd4 a6 5. Be3 Qc7 6. f3 Nf6 7. Be2 Be7 8. 0-0 0-0 9. Nd2 d6 10. c4 b6 11. Qe1 Bb7 12. Qf2 Nbd7 13. a4 Qb8 14. a5 Bd8 15. N2b3 Nc5 16. Nxc5 bxc5 17. Nc2 Bc6 18. Ra2 Qb3 19. Ra3 Qxc2 20. Bc1 Nd7 21. Re1 Bf6 22. Qg3 Be5 23. Qh3 Bxb2 24. Bd3 Qxc1 25. Rxc1 Bxc1 26. Ra1 Be3+ 27. Kf1 Ne5 28. Be2 Rab8 29. Qg3 Bd4 30. Rc1 Rb2 31. h4 Rfb8 32. h5 Rb1 0-1

[Event "GEO World Cup-B U08"]
[Site "Batumi"]
[Date "2024.06.26"]
[Round "4"]
[White "Xu, Zhihan"]
[Black "McCallum, Elliot"]
[Result "0-1"]
[WhiteElo "1661"]
[BlackElo "1718"]
[PlyCount "150"]
[EventDate "2024.06.23"]
[EventType "swiss"]
[EventRounds "7"]
[EventCountry "GEO"]
[SourceTitle "EXT 2025"]
[Source "ChessBase"]
[SourceDate "2024.10.14"]
[SourceVersion "1"]
[SourceVersionDate "2024.10.14"]
[SourceQuality "1"]

1. e4 c5 2. Nf3 a6 3. c3 d5 4. exd5 Qxd5 5. d4 e6 6. g3 Nc6 7. Bg2 Nf6 8. 0-0 Qd8 9. Ne5 Bd7 10. Re1 Be7 11. dxc5 Bxc5 12. Nxd7 Nxd7 13. b4 Be7 14. Bb2 0-0 15. a3 Nde5 16. Nd2 Nd3 17. Re3 Nxb2 18. Qc2 Bg5 19. f4 Qb6 20. Rae1 Be7 21. Kh1 a5 22. Qxb2 axb4 23. axb4 Bf6 24. Ne4 Be7 25. Nd2 Ra4 26. Nc4 Qc7 27. Nd2 Rfa8 28. R3e2 Ra2 29. Qb3 Qd7 30. Nf3 Rxe2 31. Rxe2 Qd3 32. Re1 Bxb4 33. Ne5 Qxc3 34. Qxc3 Bxc3 35. Rc1 Bxe5 36. fxe5 Nxe5 37. Bxb7 Rb8 38. Bg2 h6 39. h3 Nd3 40. Rf1 Rb2 41. g4 g6 42. Kh2 e5 43. Kg3 Nf4 44. Bf3 Rb3 45. Re1 Nxh3 46. Kxh3 Rxf3+ 47. Kg2 Rf4 48. Kg3 f6 49. Ra1 h5 50. Ra8+ Kg7 51. Ra7+ Kh6 52. gxh5 Kxh5 53. Rh7+ Kg5 54. Rh1 f5 55. Re1 e4 56. Kh3 Rf3+ 57. Kh2 Kf4 58. Kg2 g5 59. Kh2 g4 60. Kg2 e3 61. Kh2 Rf2+ 62. Kg1 Kf3 63. Kh1 e2 64. Kg1 Rf1+ 65. Rxf1+ exf1Q+ 66. Kxf1 g3 67. Ke1 g2 68. Kd2 g1Q 69. Kc3 Qc5+ 70. Kb2 Qc4 71. Ka1 Qb4 72. Ka2 Ke3 73. Ka1 Kd2 74. Ka2 Kc2 75. Ka1 Qa3# 0-1